|
|
|
|
| LEADER |
01410nam a2200361 i 4500 |
| 001 |
EBC5761396 |
| 003 |
MiAaPQ |
| 005 |
20200520144314.0 |
| 006 |
m o d | |
| 007 |
cr cnu|||||||| |
| 008 |
190521s1895 fr o 000 0 ger d |
| 020 |
|
|
|a 9783111596235 (e-book)
|
| 035 |
|
|
|a (MiAaPQ)EBC5761396
|
| 035 |
|
|
|a (Au-PeEL)EBL5761396
|
| 035 |
|
|
|a (OCoLC)1100011246
|
| 040 |
|
|
|a MiAaPQ
|b eng
|e rda
|e pn
|c MiAaPQ
|d MiAaPQ
|
| 043 |
|
|
|a e-fr---
|
| 050 |
|
4 |
|a Z797
|b .H387 1895
|
| 082 |
0 |
|
|a 027.044
|2 23
|
| 100 |
1 |
|
|a Hausmann, Sebastian,
|e author.
|
| 245 |
1 |
4 |
|a Die Kaiserliche Universitats- Und Landesbibliothek in Strassburg :
|b Festschrift Zur Einweihung des Neuen Bibliotheksgebaudes /
|c von Dr. S. Hausmann.
|
| 264 |
|
1 |
|a Strassburg :
|b Verlag von Karl J. Trubner,
|c 1895.
|
| 300 |
|
|
|a 1 online resource (56 pages)
|
| 336 |
|
|
|a text
|b txt
|2 rdacontent
|
| 337 |
|
|
|a computer
|b c
|2 rdamedia
|
| 338 |
|
|
|a online resource
|b cr
|2 rdacarrier
|
| 500 |
|
|
|a "Mit 7 abbildungen"--Title page.
|
| 588 |
|
|
|a Description based on print version record.
|
| 590 |
|
|
|a Electronic reproduction. Ann Arbor, MI : ProQuest, 2018. Available via World Wide Web. Access may be limited to ProQuest affiliated libraries.
|
| 650 |
|
0 |
|a Libraries
|z France.
|
| 655 |
|
4 |
|a Electronic books.
|
| 797 |
2 |
|
|a ProQuest (Firm)
|
| 856 |
4 |
0 |
|u https://ebookcentral.proquest.com/lib/matrademy/detail.action?docID=5761396
|z Click to View
|